LEADER 00971naa a2200241 i 4500
001 acta67153
005 20211122123427.0
008 200522s2014 hu o 0|| hun d
020 |a 978-963-306-260-9 
022 |a 2064-4825 
040 |a SZTE Egyetemi Kiadványok Repozitórium  |b hun 
041 |a hun 
100 1 |a Barna Gábor 
245 1 0 |a Előszó - Foreword  |h [elektronikus dokumentum] /  |c  Barna Gábor 
260 |c 2014 
300 |a 7-8 
490 0 |a A vallási kultúrakutatás könyvei 
490 0 |a Lelkiségek, lelkiségi mozgalmak Magyarországon és Kelet-Közép Európában = Spirituality and spiritual movements in Hungary and Eastern Europe 
650 4 |a Bölcsészettudományok 
650 4 |a Filozófia, etika és vallástudományok 
695 |a Vallástudomány - előszó 
710 |a Vallási Néprajzi Konferencia (11.) (2012) (Szeged) 
856 4 0 |u http://acta.bibl.u-szeged.hu/67153/1/vallasi_kulturakutatas_konyvei_010_007-008.pdf  |z Dokumentum-elérés